| 000 | 01036nam a22003257a 4500 | ||
|---|---|---|---|
| 001 | BR8502500 | ||
| 003 | BR-BrBNA | ||
| 005 | 20230928092151.0 | ||
| 007 | ta | ||
| 008 | 230509b bl.||||| |||| 00| 0 por d | ||
| 040 |
_aBR-BrBNA _bpor _cBiblioteca Nacional de Agricultura |
||
| 041 | _a(Por) | ||
| 072 | _aD50; F40 | ||
| 090 | _ D50 BR8502500 | ||
| 100 | 1 | _aMoreira, N.B. | |
| 100 | 1 | _aAndreguetto, C. | |
| 100 | 1 | _aLoureiro, W. | |
| 100 | 1 | _aRaimundo, H. | |
| 100 | 1 | _aPellenz, E. | |
| 110 | 1 |
_aAssociacao Brasileira de Geologia e Engenharia, Curitiba, PR (Brasil); _9295 |
|
| 110 | 1 |
_aAssociacao de Defesa e Educacao Ambiental, Curitiba, PR (Brasil) _9531 |
|
| 111 | 1 |
_a3. Simposio Nacional de Controle de Erosao _cMaringa, PR (Brazil) _d29 Sep - 4 Oct 1985 |
|
| 245 | 1 | _aLegislacao ambiental brasileira. Contribuicao a analise critica | |
| 260 | 3 |
_aCuritiba, PR (Brasil): _c1985. |
|
| 300 | _a23 p. | ||
| 650 | _aLEGISLACAO | ||
| 650 | _aECOLOGIA VEGETAL | ||
| 909 |
_a202309 _bLucia _c55 _dLucia Elande |
||
| 942 | _cBK | ||
| 999 |
_c37482 _d37482 |
||